000 00472nam a2200181Ia 4500
003 GCL
008 140319s9999 xx 000 0 eng d
040 _aGCL /
_cGCL
082 0 4 _aCC
_b050.941
_bD V
100 1 _aDENON, VIVANT
245 1 0 _aVOYAGE DANS LA BASSE ET LA HAUTE EGYPTE, VOLUME 1 - TEXTE /
_cDENON, VIVANT
260 _a[S.N] :
_bI.F.A.O ،
_c1989
300 _a224 PP
650 0 4 _aEGYPT
650 0 4 _aPERIODICALS
650 0 4 _aTRAVELS
942 _2ddc
_cBK
999 _c17814
_d17814